| 000 | 00604nam a2200193 a 4500 | ||
|---|---|---|---|
| 005 | 20140412111310.0 | ||
| 008 | 010502s19uu xx 00 eng d | ||
| 020 | _a0-590-41080-6 | ||
| 050 |
_aTR(PS E _bCa17 |
||
| 100 | _aSlobodkina, Esphyr | ||
| 245 |
_aCaps for sale / : _ba tale of a peddler, some monkeys and their monkey business / _cstory and pictures by Esphyr Slobodnika. |
||
| 260 |
_aNew York : _bScholastic Inc, _c1968. |
||
| 300 | _a1V. (unp.) ; ill. | ||
| 650 | _aMonkeys---Stories | ||
| 650 | _aMonkey business--Fiction | ||
| 650 | _aChildren stories | ||
| 000 | ATH | ||
| 999 |
_c103928 _d103928 |
||